Statistics for logic (rapper) knowledge

Click here to take the quiz!

General Stats

  • This quiz has been taken 125 times
  • The average score is 7 of 12

Answer Stats

HintAnswer% Correct
his first albumunder pressure
93%
3 of his mixtapes are called this (alter ego)young sinatra
88%
his wifes nameJess
86%
his female fans nicknamebobbysoxers
77%
his upcoming album (2017)Everybody
77%
his childhood neighborhoodwest deer park
69%
what year did he get his drivers licence2016
58%
his favorite rap group growing upwu tang clan
52%
his fastest verse is in which songstainless
39%
where does he liveBeverly hills
16%
where did Logic first see his wifetwitter
9%
if he could go back in time what would he tell himselfthat he wouldnt make it
3%

Score Distribution

Percentile by Number Answered

Percent of People with Each Score

Your Score History

You have not taken this quiz